Normal view
MARC view
- United States
Entry Geographic Name
001 - CONTROL NUMBER
- control field: 7981
003 - CONTROL NUMBER IDENTIFIER
- control field: NUST
005 - DATE AND TIME OF LATEST TRANSACTION
- control field: 20180103093956.0
008 - FIXED-LENGTH DATA ELEMENTS
- fixed length control field: 180103|| aca||aabn | a|a d
040 ## - CATALOGING SOURCE
- Original cataloging agency: NUST
- Transcribing agency: NUST
151 ## - HEADING--GEOGRAPHIC NAME
- Geographic name: United States
- General subdivision: Foreign relations
- Chronological subdivision: 1989-
670 ## - SOURCE DATA FOUND
- Source citation: Work cat.: (NUST)0: Maddow, Rachel. 7975, Drift :, 2012.
